| 000 | 00520cam a22001934a 4500 | ||
|---|---|---|---|
| 020 | _a0767420578 | ||
| 040 | _cDLC | ||
| 082 | 0 | 0 | _a155 MCG 2002 A001 Or. |
| 100 | 1 | _aPayne, V. Gregory, | |
| 245 | 1 | 0 |
_aHuman motor development : _ba lifespan approach / |
| 250 | _a5th ed. | ||
| 260 |
_aBoston : _bMcGraw-Hill, _cc2002. |
||
| 300 |
_axxi, 522 p. : _bill. ; _c25 cm. |
||
| 650 | 0 | _aMotor ability in children. | |
| 650 | 0 | _aChild development. | |
| 650 | 0 | _aHuman mechanics. | |
| 700 | 1 | _aIsaacs, Larry D. | |
| 942 | _cEK | ||
| 999 |
_c12159 _d12159 |
||